00845nam a2200241Ia 4500003000900000008004100009020003000050020003100080022002200111022002300133040001600156100002800172245005700200260005700257300002000314490002900334650004500363650004200408650005500450650001200505700002400517856006200541IN-BaIIA211028s9999 xx s 000 0 eng d a978-3-540-22512-6 (Print) a978-3-540-44504-3 (Online) a0075-8450 (Print) a1616-6361 (Online) cIIA Library aArias, Jose Miguel, ed. 4aThe Hispalensis Lectures on Nuclear Physicsh[eBook] aHeidelberg, BerlinbSpringer Berlin Heidelbergc2004 aOnline resource aLecture Notes in Physics a Measurement Science and Instrumentation a Nuclear Physics, Heavy Ions, Hadrons a Particle Acceleration and Detection, Beam Physics aPhysics aLozano, Manuel, ed. uhttp://doi.org/10.1007/b99182yClick Here to Access eBook